Finite groups whose 2-subgroups are generated by at most 4 elements

Saved in:
Bibliographic Details
Main Authors: Gorenstein, Daniel, Harada, K. (Koichiro) (Author)
Format: Book
Language:English
Published: Providence : American Mathematical Society, 1974.
Series:Memoirs of the American Mathematical Society ; 147
Subjects:
Tags: Add Tag
No Tags, Be the first to tag this record!

MARC

LEADER 00000cam a2200000 i 4500
001 1/47956
008 941103s1974 riu ||| | eng||
020 |a 0821818473 
035 |l 10043206 
035 |a 1993 
040 |a GR-MyUA  |b gre  |e AACR2 
041 0 |a eng 
082 0 |a 512.2  
100 1 |a Gorenstein, Daniel. 
245 1 0 |a Finite groups whose 2-subgroups are generated by at most 4 elements /   |c [by] Daniel Gorenstein and Koichiro Harada.  
260 |a Providence :   |b American Mathematical Society,   |c 1974.  
300 |a vii, 464 σ. ;   |c 26 εκ.  
490 1 |a (Memoirs of the American Mathematical Society   |v ; 147) 
504 |a Βιβλιογραφία: σ. 461-464. 
650 0 0 |a Finite groups. 
700 1 |a Harada, K.   |q (Koichiro)  |e aut 
830 0 |a Memoirs of the American Mathematical Society ;  |v  147 
852 |a INST  |b SAMOS  |e 19941103  |h 512.2 GOR  |p 005300002434  |q 005300002434  |t BK  |y 0 
909 |a Σ  |b 030935